01232nas a2200349 4500001001300000003000900013005001700022007000300039008003400042040005400076041000900130072001300139100001600152100002000168100001600188100001800204100001900222100002000241100001700261100002000278245016500298650001000463650002000473650002300493650001300516650002000529773010000549909004000649942001800689999001900707952015600726BR2013001791BR-BrBNA20231205122018.0ta230509b bl.|||p| |||| 00| 00por d aBR-BrBNAbporcBiblioteca Nacional de Agricultura a(Pt) aL72; L701 aScott, F.B.1 aMartins, I.V.F.1 aSouza, C.P.1 aCorreia, T.R.1 aMelo, R.M.P.S.1 aFernandes, J.I.1 aTorres, F.O.1 aSant'anna, F.B.1 aEficácia da associação pamoato de pirantel, febantel e praziquantel (Grantelm - Virbac do Brasil)no controle de Ancylostoma spp. e Toxocara spp. em cães aCÃO aPRAGA DE ANIMAL aPARASITO DE ANIMAL aHELMINTO aANTI-HELMINTICO0 tA Hora Veterinária (Brazil)xISSN 0101-9163g(Nov-Dec 2001), v.21(124) p. 26-28wBR2013001791 a202311bLúciac55dLúcia Elande 2AGRISn0cANA c226444d226444 002AGRIS4071a41918b41918cPeriódicos Agrícolash(Nov-Dec 2001), v.21(124) p. 26-28l0r2023-11-29t01yCRePortaria Interministerial nº 164/94